Vyber si hada... [inc.]. Logika

Bibliographic Details
Main Author: Czibulková, Daria (Author)
Format: Article
Language:Slovak
Subjects:

MARC

LEADER 00000nab a2200000 a 4500
001 vtls000626924
003 SK-MaSNL
005 20260304094814.0
008 250425c1997 xo 0 slo
015 |a SNBRB19rr/mm-uuuuu 
035 |a CL0627063 
035 |a urn:nbn:sk:snk-abbquk 
035 |a (urnnbn)urn:nbn:sk:snk:ar-002v20 
035 |a (uuid)777150ee-fde7-4c2f-8367-392c26b0965e 
040 |a SNKBUCL  |b slo  |c SNKBUCL  |e AACR2 
041 0 |a slo 
044 |a xo  |c SK 
080 |a 885.4-1  |2 1981 
100 1 |a Czibulková, Daria  |4 aut  |9 1379029 
245 1 0 |a Vyber si hada... [inc.]. Logika  |c Daria Czibulková 
650 0 7 |a miniatúry básnické  |2 snkbucl  |9 900261 
655 7 |a články z novín a časopisov  |2 snkbucl  |9 267496 
773 0 |t Dotyky  |g Roč. 9, č. 3 (1997), s. 50 
850 |a Slovenská národná knižnica 
852 |a Slovenská národná knižnica 
958 |a article15 
958 |a OND 
958 |a LX 
958 |a SK 
958 |a RK 
958 |a EUIPO 
992 |a RBX 
999 |c 2829051  |d 2830981